Estaciones de esquí de España en un mapa - Estadísticas

Estadísticas generales
  • Esta prueba ha sido intentada 21 veces
  • La puntuación promedio es 11 de 38
Respuestas en el mapa
Las respuestas están codificadas por una escala verde-roja en el mapa de la prueba según el % correcto abajo.
 
Estadísticas de respuestas
Respuesta % Correcto
Sierra Nevada
90%
Formigal
75%
Astún
65%
Baqueira Beret
65%
Candanchú
60%
Panticosa
55%
Valdelinares
50%
Valdezcaray
50%
Cerler
45%
Javalambre
45%
Navacerrada
45%
Alto Campoo
40%
Masella-La Molina
40%
Valdesquí
35%
Boí Taüll
25%
Manzaneda
25%
Espot
20%
Fuentes de Invierno
20%
Leitariegos
20%
San Isidro
20%
Sierra de Béjar
20%
Valgrande-Pajares
20%
La Pinilla
15%
Llanos del Hospital
10%
Port Ainé
10%
Port del Compte
10%
Puerto de la Ragua
10%
Santa Inés
10%
Valle del Sol
10%
Valter 2000
10%
Aransa
5%
La Lunada
5%
Larra-Belagua
5%
Navafría
5%
Sant Joan de l'Erm
5%
Tavascan
5%
Vall de Núria
5%
Lles
0%
No se encontraron pruebas coincidentes
Distribución de puntuación
Porcentaje de gente con cada puntuación
Porcentaje por número respondido
Historial de tus puntuaciones
No has intentado esta prueba.